000 00374nam a22001457a 4500
003 OSt
020 _aNA
040 _c0
082 _222
_a005.262
100 _cBorland
245 _aTurbo pascal 5.5 object-oriented programming guide :
_buser's guide reference guide /
260 _aCalifornia,
_bBorland,
_cc1990.
300 _aiii, 468p. ;
_bill. ;
_c21 cm.
942 _2ddc
_cIT
999 _c5399
_d5399